Geography Quiz

Random Geography or City Quiz

Bulgaria's Cities by Image Quiz Stats

Quiz not verified by Sporcle

Also try: The Israel Quiz
Challenge
Share
Tweet
Score 0/25 Timer 07:00
0 Plays Today
% Correct
Sofia
97.7%
Varna
93%
Burgas
83.7%
Plovdiv
81.4%
Ruse
76.7%
Stara Zagora
58.1%
Pleven
53.5%
Veliko Tarnovo
51.2%
Haskovo
48.8%
Vidin
46.5%
Sliven
39.5%
Blagoevgrad
39.5%
Nesebar
39.5%
% Correct
Dobrich
34.9%
Shumen
32.6%
Pernik
30.2%
Yambol
30.2%
Vratsa
30.2%
Gabrovo
30.2%
Pazardzhik
27.9%
Kazanlak
23.3%
Kyustendil
20.9%
Asenovgrad
18.6%
Montana
16.3%
Kardzhali
14%

You're not logged in!

Compare scores with friends on all Sporcle quizzes.
Join for Free
OR
Log In

You Might Also Like...

Show Comments

Extras

Top Quizzes Today


Score Distribution

Your Account Isn't Verified!

In order to create a playlist on Sporcle, you need to verify the email address you used during registration. Go to your Sporcle Settings to finish the process.

Report this User

Report this user for behavior that violates our Community Guidelines.

Details: